Meghívó
Michalovská hospodárska banka účastinná spoločnosťMichalovský pivovar a sladovňa pozýva upisujúcich účastiny na zakladajúce valné zhromaždenie dňa 20. novembra 1904. Zakladatelia banky, program.
| Médium: | Článok |
|---|---|
| Jazyk: | Hungarian |
| Témy: | |
| Zdroj: |
1. Felsö-Zemplén 1. Roč. 9, č. 44 (10.11.1904) s. 4 |
| LEADER | 00941nab#a2200301#ar4500 | ||
|---|---|---|---|
| 001 | 000076482 | ||
| 003 | SVKKK | ||
| 005 | 20050809xxxxxxx. | ||
| 008 | 06 c xo huno | ||
| FMT | |||
| 038 | |a SVKKK | ||
| 040 | |a SVKKK |b slo |e AACR2 | ||
| 041 | 0 | |a hun | |
| 044 | |a xo |c SK | ||
| 080 | |a 332.1 | ||
| 242 | 1 | 0 | |a Pozvánka |
| 245 | 0 | 0 | |a Meghívó |
| 500 | |a Ex/Ro-75 | ||
| 520 | 2 | |a Michalovská hospodárska banka účastinná spoločnosťMichalovský pivovar a sladovňa pozýva upisujúcich účastiny na zakladajúce valné zhromaždenie dňa 20. novembra 1904. Zakladatelia banky, program. | |
| 650 | 0 | 4 | |a Michalovská hospodárska banka, účastinná spoločnosť - schôdza zakladajúca - Michalovce - rok 1904 - správy |
| 773 | 0 | |t Felsö-Zemplén |g Roč. 9, č. 44 (10.11.1904) s. 4 | |
| 957 | |a Michalovce | ||
| 958 | |a DG | ||
| 958 | |a SK | ||
| 974 | |a zuz |d 20050809 | ||
| 992 | |a RBX | ||
| BAS | |||
| 998 | |a RETRO | ||